L'exposition de soi sur un exemple de réseaux sociaux : Le Facebook : (رقم التسجيلة. 177077)

تفاصيل مارك
000 -LEADER
fixed length control field 04437namaa22004331i 4500
003 - CONTROL NUMBER IDENTIFIER
control field EG-GICUC
005 - أخر تعامل مع التسجيلة
control field 20260111133256.0
008 - FIXED-LENGTH DATA ELEMENTS--GENERAL INFORMATION
fixed length control field 251227s2025 ua a|||frm||| 000 0 eng d
040 ## - CATALOGING SOURCE
Original cataloguing agency EG-GICUC
Language of cataloging eng
Transcribing agency EG-GICUC
Modifying agency EG-GICUC
Description conventions rda
041 0# - LANGUAGE CODE
Language code of text/sound track or separate title fre
Language code of summary or abstract eng
-- ara
049 ## - Acquisition Source
Acquisition Source Deposit
082 04 - DEWEY DECIMAL CLASSIFICATION NUMBER
Classification number 448.2421
092 ## - LOCALLY ASSIGNED DEWEY CALL NUMBER (OCLC)
Classification number 448.2421
Edition number 21
097 ## - Degree
Degree Ph.D
099 ## - LOCAL FREE-TEXT CALL NUMBER (OCLC)
Local Call Number Cai01.02.13.Ph.D.2025.Yo.L
100 0# - MAIN ENTRY--PERSONAL NAME
Authority record control number or standard number Youstina Maher Farag,
Preparation preparation.
245 10 - TITLE STATEMENT
Title L'exposition de soi sur un exemple de réseaux sociaux : Le Facebook :
Remainder of title Étude sémiolinguistique /
Statement of responsibility, etc. by Youstina Maher Farag ; Supervisors Prof. Dr. Héba Machhour, Prof. Dr. Claire Martinot.
246 15 - VARYING FORM OF TITLE
Title proper/short title عرض الذات في نموذج من شبكات التواصل الاجتماعي: الفيسبوك
Remainder of title دراسة سيميوطيقية لغوية /
264 #0 - PRODUCTION, PUBLICATION, DISTRIBUTION, MANUFACTURE, AND COPYRIGHT NOTICE
Date of production, publication, distribution, manufacture, or copyright notice 2025.
300 ## - PHYSICAL DESCRIPTION
Extent 168 pages :
Other physical details illustrations ;
Dimensions 25 cm. +
Accompanying material CD.
336 ## - CONTENT TYPE
Content type term text
Source rda content
337 ## - MEDIA TYPE
Media type term Unmediated
Source rdamedia
338 ## - CARRIER TYPE
Carrier type term volume
Source rdacarrier
502 ## - DISSERTATION NOTE
Dissertation note Thesis (Ph.D)-Cairo University, 2025.
504 ## - BIBLIOGRAPHY, ETC. NOTE
Bibliography, etc. note Bibliography: pages 165-167.
520 #3 - SUMMARY, ETC.
Summary, etc. Cette thèse explore la question de l’exposition de soi sur Facebook à travers une analyse sémiolinguistique de cinq profils féminins, égyptiens et francophones, sélectionnés pour leur activité, leur diversité et leur richesse expressive. L’objectif principal de cette étude est d’analyser les différentes stratégies de mise en scène de soi à travers les pages profils, afin d’identifier les invariants et les variantes dans la construction de l’identité numérique. <br/>Le travail s’inscrit dans une approche interdisciplinaire, mobilisant des concepts issus de la linguistique, de la sémiotique, de la sociologie et des sciences de la communication. <br/>Enfin, cette recherche ouvre une réflexion plus large sur le rôle des réseaux sociaux dans la reconfiguration des formes de communication, dans la transformation des pratiques langagières et dans l’émergence d’une nouvelle culture de la visibilité. Facebook apparaît ainsi à la fois comme un espace de communication, de mise en scène, de propagande et de socialisation, contribuant à façonner une identité à la fois individuelle et collective dans un monde numérique en constante mutation.
520 #3 - SUMMARY, ETC.
Summary, etc. تتناول هذه الدراسة مسألة عرض للذات على الفيسبوك من خلال تحليل لغوي سيميوطيقي لخمسة حسابات شخصية نسائية، مصرية بثقافة فرنسية، تم اختيارها لغتاها بالأنشطة وتنوعها وثرائها التعبيري. الهدف الرئيسي من هذه الدراسة هو تحليل الاستراتيجيات المختلفة لتقديم الذات من خلال الصفحات الشخصية المختارة، وذلك بهف تحليل الثوابت والمتغيرات في بناء الهوية الرقمية. <br/>ويعد هذا العمل جزءًا من نهج متعدد التخصصات، يجمع المفاهيم المختلفة كعلم اللغويات وعلم السيميوطيقا وعلم الاجتماع وعلوم التواصل. <br/>وأخيرًا، يفتح هذا البحث مجالًا أوسع للتساؤل حول دور مواقع التواصل الاجتماعية في تغييرأشكال الاتصال، وفي تغيير الممارسات اللغوية وفي ظهور ثقافة جديدة فائمة على المرئيات. فأصبح بذلك الفيسبوك مساحة للتواصل الاجتماعي والاستعراض والدعاية، مما يساهم في تشكيل هوية فردية وجماعية في عالم رقمي متغير بشكل مستمر.
530 ## - ADDITIONAL PHYSICAL FORM AVAILABLE NOTE
Issues CD Issues also as CD.
546 ## - LANGUAGE NOTE
Text Language Text in English and abstract in Arabic & English.
650 #0 - SUBJECT ADDED ENTRY--TOPICAL TERM
Topical term or geographic name entry element French language
650 #0 - SUBJECT ADDED ENTRY--TOPICAL TERM
Topical term or geographic name entry element اللغة الفرنسية
653 #1 - INDEX TERM--UNCONTROLLED
Uncontrolled term Identité numérique
-- Exposition de soi
-- Réseaux sociaux
-- Sémiotique
-- Facebook
-- الهوية الرقمية
-- عرض الذات
700 0# - ADDED ENTRY--PERSONAL NAME
Personal name Héba Machhour
Relator term thesis advisor.
700 0# - ADDED ENTRY--PERSONAL NAME
Personal name Claire Martinot
Relator term thesis advisor.
900 ## - Thesis Information
Grant date 01-01-2025
Supervisory body Héba Machhour
-- Claire Martinot
Universities Cairo University
Faculties Faculty of Arts
Department Department of French language and literature
905 ## - Cataloger and Reviser Names
Cataloger Name Shimaa
Reviser Names Eman Ghareb
942 ## - ADDED ENTRY ELEMENTS (KOHA)
Source of classification or shelving scheme Dewey Decimal Classification
Koha item type Thesis
Edition 21
Suppress in OPAC No
المقتنيات
Source of classification or shelving scheme Home library Current library Date acquired Inventory number Full call number Barcode Date last seen Effective from Koha item type
Dewey Decimal Classification المكتبة المركزبة الجديدة - جامعة القاهرة قاعة الرسائل الجامعية - الدور الاول 27.12.2025 92954 Cai01.02.13.Ph.D.2025.Yo.E 01010110092954000 27.12.2025 27.12.2025 Thesis
Cairo University Libraries Portal Implemented & Customized by: Eng. M. Mohamady Contacts: new-lib@cl.cu.edu.eg | cnul@cl.cu.edu.eg
CUCL logo CNUL logo
© All rights reserved — Cairo University Libraries
CUCL logo
Implemented & Customized by: Eng. M. Mohamady Contact: new-lib@cl.cu.edu.eg © All rights reserved — New Central Library
CNUL logo
Implemented & Customized by: Eng. M. Mohamady Contact: cnul@cl.cu.edu.eg © All rights reserved — Cairo National University Library